| Tag |
First Indicator |
Second Indicator |
Subfields |
| LEADER |
00000cam a2200000 a 4500 |
| 001 |
in00000089638 |
| 005 |
20151008065444.0 |
| 008 |
811209s1981 nyua b 00010deng |
| 010 |
|
|
|a 79057328
|
| 020 |
|
|
|a 0878751890
|
| 035 |
|
|
|a (OCoLC)08051750
|
| 035 |
|
|
|9 AAK5978AM
|
| 039 |
0 |
|
|a 2
|b 3
|c 3
|d 3
|e 3
|
| 040 |
|
|
|a DLC
|c DLC
|d TXA
|d UtOrBLW
|
| 049 |
|
|
|a TXAM
|c [1443097]
|
| 050 |
0 |
0 |
|a GV992
|b .L85
|
| 082 |
0 |
|
|a 796.342/088042
|2 19
|
| 100 |
1 |
|
|a Lumpkin, Angela.
|
| 245 |
1 |
0 |
|a Women's tennis, a historical documentary of the players and their game /
|c by Angela Lumpkin.
|
| 264 |
|
1 |
|a Troy, N.Y. :
|b Whitston Pub. Co.,
|c 1981.
|
| 300 |
|
|
|a x, 193 pages :
|b illustrations ;
|c 24 cm.
|
| 336 |
|
|
|a text
|b txt
|2 rdacontent
|
| 337 |
|
|
|a unmediated
|b n
|2 rdamedia
|
| 338 |
|
|
|a volume
|b nc
|2 rdacarrier
|
| 504 |
|
|
|a Includes bibliographies.
|
| 650 |
|
0 |
|a Tennis
|x History.
|
| 650 |
|
0 |
|a Women tennis players.
|
| 999 |
|
|
|a MARS
|
| 999 |
f |
f |
|s 13f50b12-3b30-3749-8ad1-aeefe3b15a9d
|i f98667fd-ea92-3384-9fe4-0397eecaaadb
|t 0
|
| 952 |
f |
f |
|p ric
|a Texas A&M University
|b Rellis Campus
|c Joint Library Facility
|d Remote Storage
|t 0
|e GV992 .L85
|h Library of Congress classification
|i unmediated -- volume
|m A14806117006
|
| 998 |
f |
f |
|a GV992 .L85
|t 0
|l Remote Storage
|